| 000 | 00718nam a22002177a 4500 | ||
|---|---|---|---|
| 005 | 20240518100451.0 | ||
| 008 | 240518b |||||||| |||| 00| 0 eng d | ||
| 020 | _a9789393864154 | ||
| 040 |
_aIN-DiNC _cIN-DiNC |
||
| 041 | _deng | ||
| 082 |
_a320.12 _bBOR |
||
| 245 |
_aBorder disputes in North East India: _bissues and remedies/ _ced. by Devojit Phukan, Boikuntha Das and Hedayatullah Choudhury |
||
| 250 | _a1st ed. | ||
| 260 |
_aGuwahati: _bAssam College Teachers Association, _c2022. |
||
| 300 | _a224p. | ||
| 650 | _aBorder disputes among the states of North East | ||
| 700 |
_aPhukan, Devojit _eEditor |
||
| 700 |
_aDas, Boikuntha _eEditor |
||
| 700 |
_aChoudhury, Hedayatullah _eEditor |
||
| 942 |
_2ddc _cBK |
||
| 999 |
_c11826 _d11826 |
||